banner koha

Influência da época de desfolha no desempenho enológico da uva 'Cabernet Sauvignon' cultivada em região de altitude (Registro n. 259509)

MARC details
000 -LÍDER
campo de controle de tamanho fixo 01121nas a2200361 4500
001 - NÚMERO DE CONTROLE
campo de controle BR2022000699
003 - IDENTIFICADOR DO NÚMERO DE CONTROLE
campo de controle BR-BrBNA
005 - DATA E HORÁRIO DA ÚLTIMA TRANSAÇÃO
campo de controle 20231205132305.0
007 - CAMPO FIXO DE DESCRIÇÃO FÍSICA--INFORMAÇÃO GERAL
campo de controle de tamanho fixo ta
008 - CAMPO DE DADOS FIXOS--INFORMAÇÃO GERAL
campo de controle de tamanho fixo 230509b bl.|||p| |||| 00| 00por d
040 ## - FONTE DA CATALOGAÇÃO
Instituição da catalogação original BR-BrBNA
Idioma da catalogação por
Instituição que transcreveu o registro Biblioteca Nacional de Agricultura
041 ## - CÓDIGO DE IDIOMA
Código do idioma do texto/trilha sonora ou título diferente (Pt)
072 ## - CÓDIGO DE CATEGORIA DE ASSUNTO
Código de Categoria de Assunto F01; F40; Q04
100 1# - ENTRADA PRINCIPAL--NOME PESSOAL
Nome pessoal Würz, D.A.
100 1# - ENTRADA PRINCIPAL--NOME PESSOAL
Nome pessoal Allebrndt, R.
100 1# - ENTRADA PRINCIPAL--NOME PESSOAL
Nome pessoal Marcon Filho, J.L.
100 1# - ENTRADA PRINCIPAL--NOME PESSOAL
Nome pessoal Bem, B.P. de
100 1# - ENTRADA PRINCIPAL--NOME PESSOAL
Nome pessoal Brighenti, A.F.
100 1# - ENTRADA PRINCIPAL--NOME PESSOAL
Nome pessoal Outemane, M.
100 1# - ENTRADA PRINCIPAL--NOME PESSOAL
Nome pessoal Rufato, L.
100 1# - ENTRADA PRINCIPAL--NOME PESSOAL
Nome pessoal Kretzschmar, A.A.
245 1# - TÍTULO
Título Influência da época de desfolha no desempenho enológico da uva 'Cabernet Sauvignon' cultivada em região de altitude
650 ## - ASSUNTO--TERMO TÓPICO
Cabeçalho tópico ou nome geográfico UVA
650 ## - ASSUNTO--TERMO TÓPICO
Cabeçalho tópico ou nome geográfico DESFOLHA
650 ## - ASSUNTO--TERMO TÓPICO
Cabeçalho tópico ou nome geográfico PRÁTICA CULTURAL
650 ## - ASSUNTO--TERMO TÓPICO
Cabeçalho tópico ou nome geográfico FENOLOGIA
650 ## - ASSUNTO--TERMO TÓPICO
Cabeçalho tópico ou nome geográfico VINHO
650 ## - ASSUNTO--TERMO TÓPICO
Cabeçalho tópico ou nome geográfico COMPOSIÇÃO QUÍMICA
773 0# - ENTRADA ANALÍTICA
Título Acta Iguazu (Brazil)
ISSN - International Standard Serial Number ISSN 2316-4093
Partes relacionadas (2018), v. 7(2) p. 61-73
Número de controle do registro BR2022000699
856 40 - LOCALIZAÇÃO ELETRÔNICA E ACESSO
Uniform Resource Identifier <a href="https://e-revista.unioeste.br/index.php/actaiguazu/article/view/17797/12766">https://e-revista.unioeste.br/index.php/actaiguazu/article/view/17797/12766</a>
909 ## -
-- 202311
-- Lúcia
-- 55
-- Lúcia Elande
942 ## - ELEMENTOS DE ENTRADA ADICIONADOS (KOHA)
Fonte da classificação ou esquema de arquivamento na estante Classificação AGRIS
Ocultar no OPAC Não
Tipo de material Koha Analítica
Exemplares
Situação do descarte Fonte da classificação ou esquema de arquivamento na estante Situação física Não pode ser emprestado Biblioteca de origem Biblioteca atual Localização na estante Enumeração do periódico / cronologia Total de empréstimos Data de último acesso Número do exemplar Tipo de material Koha Fonte de aquisição
  Classificação AGRIS   Consulta local Biblioteca Nacional de Agricultura - Binagri Biblioteca Nacional de Agricultura - Binagri   (2018), v. 7(2) p. 61-73   29/11/2023 01 Periódicos Portaria Interministerial nº 164/94

BINAGRI

Telefone: (61)3218-2567/2388/3357/2097 - binagri@agro.gov.br

Ministério da Agricultura e Pecuária , Esplanada dos Ministérios, Bloco D, Anexo B, Brasília/DF, CEP: 70.043-900